000 01895cam a22003977i 4500
999 _c30706
_d30706
001 17344175
005 20201006145453.0
008 120613t20132013enka b 001 0 eng d
010 _a 2012941837
015 _aGBB296162
_2bnb
016 7 _a016176433
_2Uk
020 _a9780857028815 (hbk.)
020 _a0857028812 (hbk.)
020 _a9780857028822 (pbk.)
020 _a0857028820 (pbk.)
035 _a(OCoLC)ocn811729405
040 _aUKMGB
_beng
_cUKMGB
_erda
_dOCLCO
_dYDXCP
_dCDX
_dKIJ
_dBWX
_dLND
_dOSU
_dOCLCQ
_dOCLCF
_dOCLCQ
_dIEDUB
_dDLC
042 _alccopycat
050 0 0 _aRA776.5.L3227 2013
100 1 _aLarkin, Mary,
_eauthor.
245 1 0 _aHealth and well-being across the life course /
_cMary Larkin.
300 _a197 pages :
_billustrations ;
_c25 cm
504 _aIncludes bibliographical references (pages 164-190) and index.
505 0 _aStudying health and well-being across the life course -- Beginnings : prenatal health -- Health and well-being in childhood -- Health and well-being in adolescence -- Health and well-being and young adulthood -- Health and well-being in midlife -- Health and well-being in old age.
520 8 _aThis text from Mary Larkin on the increasingly important life course approach covers health from pre-pregnancy to old age. Chapters include further reading, discussion points, activities and activity commentaries to make it ideal for interactive student learning and critical reflection.--
650 0 _aHealth.
650 0 _aWell-being.
650 0 _aLife cycle, Human.
650 7 _aHealth.
_2fast
650 7 _aLife cycle, Human.
_2fast
650 7 _aWell-being.
_2fast
906 _a7
_bcbc
_ccopycat
_d2
_encip
_f20
_gy-gencatlg
942 _2lcc
_cBOOKS
_hRA776.5.L3227 2013